000 00349nam a22001457a 4500
003 MACL
005 20200710162112.0
008 200710b xxu||||| |||| 00| 0 eng d
040 _cMACL
100 _aChatterjee, Bankim Chandra
_975761
245 _aLetters on Hinduism
260 _aKolkata
_c2019
650 _aReligion
_978928
942 _2ddc
_cBK
999 _c62610
_d62610